Muerte y supervivencia

Guardat en:
Dades bibliogràfiques
Autor principal: Scheler, Max (Autor)
Format: Llibre
Idioma:espanyol
Publicat: Madrid Revista de Occidente 1934
Matèries:
Etiquetes: Afegir etiqueta
Sense etiquetes, Sigues el primer a etiquetar aquest registre!

MARC

LEADER 00000nam a2200000 a 4500
001 UCY4851
003 CL-VaPUC
008 950403e19340000SP |||||||||||||||||spa|d
082 0 4 |a 142.7  |b SCH  |2 21 
100 0 |a Scheler, Max  |e author  |9 311258 
245 1 0 |a Muerte y supervivencia 
300 |a 86 p 
942 |c BK 
945 |d 19950403 00:00:00  |a aalvarez 
260 |a Madrid  |b Revista de Occidente  |c 1934 
650 0 |a Muerte  |9 265114 
650 0 |a Antropología filosófica  |9 265842 
583 |a last modification  |c 20121001 12:22:33  |k Rodrigo Vera 
999 |c 232606  |d 232604 
952 |0 0  |1 0  |4 0  |6 142_700000000000000_SCH_1934  |7 0  |8 A  |9 237333  |a BIBEDU  |b BIBEDU  |d 2019-11-15  |i 307286K  |o 142.7 SCH 1934  |p 307286K  |r 2019-11-15  |w 2019-11-15  |y BK  |k FIL